000 01751nam a22003977a 4500
003 CHAP
005 20220329135555.0
008 971013s r 00010 d
010 _a38732
011 _a39704
035 _a43829
040 _cCHAP
082 _a378.058
_bA8
110 _aAsociación Nacional de Universidades e Institutos de Enseñanza Superior. México
_98095
245 1 _aDirectorio Nacional de Instituciones de Educación Superior en la República Mexicana, 19 -
260 _aMéxico, D.F. :
_bLa Asociación,
_c19 -
300 _av
500 _aLa biblioteca tiene: 1965, 1968, 1969, 1976, 1978-79, 1981 - 1982
590 _aBATCH-UPD
_b10
_c20130110
_lUCH01
_h2323
590 _aBATCH-UPD
_b10
_c20130410
_lUCH01
_h1613
590 _aBATCH-UPD
_b10
_c20130914
_lUCH01
_h1245
590 _aCONVERSION
_b10
_c20130109
_lUCH01
_h1322
650 1 4 _aEducación superior
_xDirectorios
_xMéxico.
_935626
901 _aBK
942 _cLIBRO
949 _a378.058 A8
_bBC
_cC
_d33724000122958
_eC
_f1968
_h34664
_i43829
_si
949 _a378.058 A8
_bBC
_cC
_d33724000123014
_eC
_f1978-79 c.3
_h50389
_i43829
_si
949 _a378.058 A8
_bBC
_cC
_d33724000123022
_eC
_f1978-79
_h50387
_i43829
_si
949 _a378.058 A8
_bBC
_cC
_d33724000123055
_eC
_f1976 c.2
_h40043
_i43829
_si
949 _a378.058 A8
_bBC
_cC
_d33724000159786
_eC
_f1981-82 c.2
_h60828
_i43829
_si
949 _a378.058 A8
_bBC
_cC
_d33724000396818
_eC
_f1983-84 c.2
_h65942
_i43829
_si
949 _a378.058 A8
_bBC
_cC
_d33724000514469
_eC
_f1965
_h34663
_i43829
_si
949 _a378.058 A8
_bBC
_cC
_d33724000514634
_eC
_f1969
_h34665
_i43829
_si
949 _a378.058 A8
_bBC
_cC
_d33724002201934
_eC
_f1983-84
_h62744
_i43829
_si
949 _a378.058 A8
_bBC
_cC
_d33724002203488
_eC
_f1981-82
_h60333
_i43829
_sb
999 _c38732
_d38732